[Event "Timbo op"]
[Site "Timbo"]
[Date "2021.06.13"]
[Round "5"]
[White "Mileski, Lucas de Souza"]
[Black "Starke, Bruno Orlando"]
[Result "0-1"]
[WhiteElo "1761"]
[BlackElo "2138"]
[PlyCount "47"]
[EventDate "2021.06.11"]
[EventType "swiss"]
[EventRounds "6"]
[EventCountry "BRA"]
[SourceTitle "EXT 2022"]
[Source "ChessBase"]
[SourceDate "2021.10.06"]
[SourceVersion "1"]
[SourceVersionDate "2021.10.06"]
[SourceQuality "1"]

1. e4 c5 2. Nf3 e6 3. d4 cxd4 4. Nxd4 a6 5. Nc3 Qc7 6. Be2 Nf6 7. Bf3 Nc6 8. 0-0 Be7 9. Nb3 0-0 10. Be3 d6 11. a4 Ne5 12. Be2 Nc4 13. Bxc4 Qxc4 14. Qd4 Qxd4 15. Nxd4 Bd7 16. a5 Rac8 17. f3 Rc4 18. Rfd1 Rfc8 19. Bf2 h6 20. Nce2 e5 21. Nf5 Bxf5 22. exf5 Rxc2 23. Rac1 R8c6 24. Nc3 0-1

[Event "Timbo op"]
[Site "Timbo"]
[Date "2021.06.12"]
[Round "2"]
[White "Starke, Bruno Orlando"]
[Black "Leffeck, Mateus Bernal"]
[Result "1-0"]
[WhiteElo "2138"]
[BlackElo "1738"]
[PlyCount "75"]
[EventDate "2021.06.11"]
[EventType "swiss"]
[EventRounds "6"]
[EventCountry "BRA"]
[SourceTitle "EXT 2022"]
[Source "ChessBase"]
[SourceDate "2021.10.06"]
[SourceVersion "1"]
[SourceVersionDate "2021.10.06"]
[SourceQuality "1"]

1. e4 c6 2. d4 d5 3. exd5 cxd5 4. Bd3 Nc6 5. c3 Nf6 6. Bf4 e6 7. Nd2 Be7 8. h3 Bd7 9. Ngf3 a6 10. a4 0-0 11. 0-0 Ne8 12. Re1 f5 13. Ne5 Nxe5 14. Bxe5 Nd6 15. Bxd6 Bxd6 16. Qb3 Rf7 17. c4 Qf6 18. Nf3 Bc6 19. c5 Bf8 20. Ne5 Rc7 21. Qb6 Rac8 22. b4 Be8 23. b5 axb5 24. axb5 g6 25. Ra7 Qe7 26. Bc2 Bg7 27. Bb3 Rd8 28. Qa5 Bf7 29. Qa2 Qh4 30. Nf3 Qf4 31. Re3 Qh6 32. b6 Rcd7 33. Ba4 Re7 34. c6 Be8 35. Rxb7 Rxb7 36. cxb7 Bf8 37. Bxe8 Rxe8 38. Qa8 1-0